|
|
|
|
| LEADER |
00000nab a2200000ua 4500 |
| 001 |
vtls010781883 |
| 003 |
SK-MaSNL |
| 005 |
20260303135747.0 |
| 008 |
230218s1989 xo |||||||||||||||||eng| |
| 035 |
|
|
|a (urnnbn)urn:nbn:sk:snk:ar-a05ta5
|
| 035 |
|
|
|a (uuid)a7d6b04f-60ec-4bcf-8cda-c422021e690e
|
| 035 |
|
|
|a urn:nbn:sk:snk-ab4v8c
|
| 040 |
|
|
|a SNKBUCL
|b slo
|c SNKBUCL
|e AACR2
|
| 041 |
0 |
|
|a eng
|
| 044 |
|
|
|a xo
|c SK
|
| 100 |
1 |
|
|a Dubaj, J.
|4 aut
|9 1121629
|
| 245 |
1 |
4 |
|a The immunomodulative effect of propolis preparations on guinea pigs with experimental ascaridosis
|c J. Dubaj, M. Benková, Š. Széchenyi, Z. Borošková
|
| 700 |
1 |
|
|a Benková, M.
|4 aut
|9 782350
|
| 700 |
1 |
|
|a Széchenyi, Š.
|4 aut
|9 1121668
|
| 700 |
1 |
|
|a Borošková, Z.
|4 aut
|9 822409
|
| 773 |
0 |
|
|t Helminthologia
|g Roč. 26, č. 2 (1989), s. 163-172
|
| 958 |
|
|
|a OND
|
| 958 |
|
|
|a EUIPO
|
| 958 |
|
|
|a article3
|
| 999 |
|
|
|c 1967628
|d 1969558
|